| 000 | 00578nam a2200193Ia 4500 | ||
|---|---|---|---|
| 003 | GCL | ||
| 008 | 140319s9999 xx 000 0 ara d | ||
| 040 |
_aGCL / _cGCL |
||
| 082 | 0 | 4 |
_a801 _bج ف |
| 245 | 1 | 0 | _aفى البنيوية التركيبية: دراسة فى منهج لوسيان غولدمان |
| 300 | _a192 ص | ||
| 490 | _a | ||
| 650 | 0 | 4 | _aالادب - تاريخ ونقد |
| 650 | 0 | 4 | _aالانثربولوجيا |
| 650 | 0 | 4 | _aالبنيوية |
| 650 | 0 | 4 | _aالادب - نظريات |
| 650 | 0 | 4 | _aاللغة العربية - نظريات |
| 942 |
_2ddc _cBK |
||
| 999 |
_c37952 _d37952 |
||